000 00613nam a2200193Ia 4500
008 151121s9999||||xx |||||||||||||| ||und||
082 _a813 / सोनव
082 _bHNW-78122
100 _aसोनवणी संजय
245 _aअखेरचा सम्राट
260 _b"पुष्प प्रकाशन, पुणे।"
260 _c--
300 _a230
600 _aसोनवणी संजय
630 _aअखेरचा सम्राट
700 _aसोनवणी संजय
730 _aअखेरचा सम्राट
942 _cBOOK
999 _c1259528
_d1259525